Forging links (Record no. 63247)
[ view plain ]
| 000 -LEADER | |
|---|---|
| fixed length control field | 00771nam a2200181 a 4500 |
| 008 - FIXED-LENGTH DATA ELEMENTS--GENERAL INFORMATION | |
| fixed length control field | 120416s1995 ||||||||||||||||| || u |
| 050 ## - LIBRARY OF CONGRESS CALL NUMBER | |
| Classification number | HD 87.5 Mar |
| 100 ## - MAIN ENTRY--PERSONAL NAME | |
| Personal name | Martin, Matthew |
| 245 10 - TITLE STATEMENT | |
| Title | Forging links |
| 246 ## - | |
| -- | economic research and policy making in sub-Saharan Africa |
| 260 ## - PUBLICATION, DISTRIBUTION, ETC. | |
| Place of publication, distribution, etc. | Nairobi |
| Name of publisher, distributor, etc. | African Economic Research Consortium |
| Date of publication, distribution, etc. | 1995 |
| 350 ## - | |
| -- | 0.00 |
| 650 #0 - SUBJECT ADDED ENTRY--TOPICAL TERM | |
| Topical term or geographic name entry element | ECONOMIC POLICY |
| 650 #0 - SUBJECT ADDED ENTRY--TOPICAL TERM | |
| Topical term or geographic name entry element | ECONOMICS |
| 650 ## - SUBJECT ADDED ENTRY--TOPICAL TERM | |
| Topical term or geographic name entry element | ECONOMIC RESEARCH |
| 995 ## - | |
| -- | MAIN LIBRARY OPEN ACCESS |
| -- | 0.00 |
| -- | 727717 |
| -- | CBU-MAIN LIBRARY (Kitwe) |
| -- | 1 |
| -- | 6.95 |
| -- | HD 87.5 Mar |
| -- | 1 |
| -- | WEEDED |
| -- | 025732 |
| -- | Main Library Open Access Collection |
| 995 ## - | |
| -- | MAIN LIBRARY OPEN ACCESS |
| -- | 0.00 |
| -- | 727711 |
| -- | CBU-MAIN LIBRARY (Kitwe) |
| -- | 2 |
| -- | 6.95 |
| -- | HD 87.5 Mar |
| -- | 2 |
| -- | WEEDED |
| -- | 025736 |
| -- | Main Library Open Access Collection |
| 999 ## - | |
| -- | 63247 |
| -- | 63247 |
| Withdrawn status | Lost status | Source of classification or shelving scheme | Damaged status | Not for loan | Permanent Location | Current Location | Shelving location | Date acquired | Total Checkouts | Full call number | Barcode | Date last seen | Price effective from | Koha item type |
|---|---|---|---|---|---|---|---|---|---|---|---|---|---|---|
| CBU-MAIN LIBRARY, KITWE. | CBU-MAIN LIBRARY, KITWE. | 12/24/2022 | HD 87.5 Mar | 025732 | 12/24/2022 | 12/24/2022 | MONOGRAPH | |||||||
| CBU-MAIN LIBRARY, KITWE. | CBU-MAIN LIBRARY, KITWE. | 12/24/2022 | HD 87.5 Mar | 025736 | 12/24/2022 | 12/24/2022 | MONOGRAPH |